Diálogos sobre o novo CPC / (Record no. 1207)

MARC details
000 -LÍDER
Campo Fixo de Controle 00911nam a2200289 a 4500
001 - NÚMERO DE CONTROLE
Campo de Controle 1207
003 - IDENTIFICAÇÃO DO NÚMERO DE CONTROLE
Campo de Controle BR-CuiBMT
005 - DATA E HORA DA ÚLTIMA ATUALIZAÇÃO
Campo de Controle 20231201022324.0
008 - DADOS FIXOS
Dados Fixos 231124s2016 peba 000 0 por d
020 ## - INTERNATIONAL STANDARD BOOK NUMBER
Nº do ISBN 9788567674803
040 ## - AGÊNCIA CATALOGADORA
Código da Agência Catalogadora BR-CuiBMT
Agência que transcreveu o registro BR-CuiBMT
080 ## - Nº DA CLASSIFICAÇÃO DECIMAL UNIVERSAL
Nº edição CDU 2007
Nº Class. CDU 347.91/.95
090 ## - NÚMERO DE CHAMADA
Nº classificação 347.91/.95
Cutter B726d
100 1# - ENTRADA PRINCIPAL -- AUTOR PESSOAL
Nome pessoal Borba, Mozart
245 10 - TÍTULO PRINCIPAL
Título principal Diálogos sobre o novo CPC /
Indicação de responsabilidade Mozart Borba.
250 ## - EDIÇÃO
Edição 1. ed.
260 ## - PUBLICAÇÃO, DISTRIBUIÇÃO, ETC.
Local de publicação Recife :
Editora Armador,
Data 2016.
300 ## - DESCRIÇÃO FÍSICA
N. páginas ou volumes 376 p. :
Ilustrações il. ;
Dimensões 24 cm
500 ## - NOTAS GERAIS
Notas gerais "Atualizado de acordo com a Lei 13.256/16."
500 ## - NOTAS GERAIS
Notas gerais "Análise das principais mudançãs de maneira objetiva e esquematizada."
504 ## - NOTA DE BIBLIOGRAFIA, ETC.
Nota de bibliografia Inclui bibliografia.
610 ## - ASSUNTO -- ENTIDADE
Nome da Entidade ou lugar Brasil.
Título da publicação [Código de processo civil (1973)]
650 ## - ASSUNTO TÓPICO
Cabeçalho tópico ou nome geográfico Processo civil
Subdivisão geral Reforma
Subdivisão geográfica Brasil
650 ## - ASSUNTO TÓPICO
Cabeçalho tópico ou nome geográfico Execução (Processo civil)
Subdivisão geográfica Brasil
650 ## - ASSUNTO TÓPICO
Cabeçalho tópico ou nome geográfico Direito civil
Subdivisão geográfica Brasil
942 ## - ELEMENTOS DE ENTRADA ADICIONAIS (KOHA)
Fonte de classificação ou esquema de arquivamento Classificação Decimal Universal
Tipo de item do Koha Livros
Holdings
Estado: removido Estado: perdido Fonte de classificação ou esquema de arquivamento Estado: danificado Indisponível para empréstimo Localização permanente Localização atual Data de aquisição Total Checkouts Número de Chamada completo Código de barras Date due Date last seen Date last checked out Número do exemplar Preço efetivo a partir de Tipo de item (Koha)
    Classificação Decimal Universal     Biblioteca da Escola Superior de Contas do TCE/MT Biblioteca da Escola Superior de Contas do TCE/MT 01/12/2023 1 347.91/.95 B726d BIBTCEMT23120008 25/09/2024 11/09/2024 11/09/2024 Ex. 1 01/12/2023 Livros

Powered by Koha